LIBRARY & INFORMATION CENTRE, KCAET, TAVANUR

ONLINE PUBLIC ACCESS CATALOGUE (OPAC)

Test code for mould board ploughs,IS:6288-1971 / (Record no. 4195)

MARC details
000 -LEADER
fixed length control field 00930cam a2200157ua 4500
041 ## - LANGUAGE CODE
Language code of text/sound track or separate title eng
082 ## - DEWEY DECIMAL CLASSIFICATION NUMBER
Classification number 631.312
Item number IND/TE
100 ## - MAIN ENTRY--AUTHOR NAME
Personal name Indian standards institutio, ISI .
245 00 - TITLE STATEMENT
Title Test code for mould board ploughs,IS:6288-1971 /
260 ## - PUBLICATION, DISTRIBUTION, ETC. (IMPRINT)
Place of publication :
Name of publisher ISI ,
Year of publication 1972.
300 ## - PHYSICAL DESCRIPTION
Number of Pages 18 ; .
942 ## - ADDED ENTRY ELEMENTS (KOHA)
Koha item type Books
Holdings
Withdrawn status Lost status Damaged status Home library Current library Date acquired Full call number Accession Number Koha item type
      KAUAET   08/03/1990 631.312 16674 Books
free website counter